Datum a čas kvízu
26.5
Celkem bodů
Celkový počet nahraných bodů na tomto kvízu bez doplňovacích otázek.
8.
Pořadí na kvízu
Konečné umístění týmu na tomto kvízu.
Zaznamenané odpovědi
| # | Otázka | Odpověď | Body | Výsledky |
|---|---|---|---|---|
| 1. | Minulý týden kolovaly internet... | B | 1 | |
| 2. | V úterý přijali europoslanci p... | USB-C, 2024 | 0.5 | |
| 3. | Minulý týden proběhlo internet... | Bílý balet | 1 | |
| 4. | Nobelovu cenu za fyziku letos... | C) teleportace | 1 | |
| 5. | V neděli proběhl již 132. roč... | Mr Spex | 1 | |
| 6. | Podívejme se nejprve na velblo... | C | 0 | |
| 7. | Přiřaďte správné výrazy k jeji... | 1A 2D 3C 4B | 0 | |
| 8. | Jeden známý biblický příměr ml... | uchem jehly | 0 | |
| 9. | Ve kterém filmu se objevuje uč... | Čtyři vraždy stačí, drahoušku | 0 | |
| 10. | Velblouda má ve znaku město Pl... | husitům (sirotkům) | 0 |